000 01280nam a2200289Ia 4500
003 OSt
005 20200728155459.0
008 191128s2014 ck fr 000 0 spa d
020 _a9789587384536
040 _aCO-JMCR
_cCO-JMCR
041 0 _aspa
082 0 4 _a341.481 /
_bL792c
_223
100 1 _aLloredo Alix, Luis,
_eautor
_97994
245 1 0 _aCrisis económica :
_bla globalización y su impacto en los derechos humanos /
_cLuis Lloredo Alix, Laura Victoria García Matamoros, Silvina Ribotta, [y otros 6]
250 _aPrimera edición
260 _aBogotá :
_bUniversidad del Rosario,
_c2014
300 _a240 páginas :
_bilustraciones a blanco y negro ;
_c24 cm.
490 0 _aColección Textos de Jurisprudencia
504 _aBibliografía: páginas 236-239
505 0 _a"El pueblo es el acreedor universal": una critica democrática y social al paradigma neoconstitucionalista en el contexto de la globalización / Luis Lloredo Alix -- Una mirada del sistema multilateral de comercio en función del desarrollo
650 1 4 _aDerechos Humanos
_97995
650 1 4 _aGlobalización
_97996
650 1 4 _aDerechos civiles
_97997
700 1 _aGarcía Matamoros, Laura Victoria,
_eautor
_97998
700 1 _aRibotta, Silvana,
_eautor
_97999
942 _2ddc
_cBK
999 _c5883
_d5883